[Event "Superfest U1400"]
[Site "Sainte-Adele CAN"]
[Date "2012.08.17"]
[Round "3"]
[White "Satir, Ege Nur"]
[Black "Tsypin, Allison"]
[Result "1-0"]
[WhiteElo "1102"]
[BlackElo "903"]
[PlyCount "153"]
[GameId "2160767909445583"]
[EventDate "2012.08.15"]
[EventType "swiss"]
[EventRounds "5"]
[EventCountry "CAN"]

1. d4 g6 2. e4 d6 3. Nf3 Nf6 4. h3 Bg7 5. Nc3 O-O 6. Bc4 a6 7. a4 Be6 8. Bxe6 fxe6 9. O-O Nc6 10. Ng5 Qd7 11. Re1 e5 12. d5 Nb4 13. Ne6 Rf7 14. Nxg7 Kxg7 15. Bd2 a5 16. Re3 c6 17. dxc6 Qxc6 18. Rc1 Qd7 19. Qe2 Rc8 20. Qd1 Rff8 21. Re2 Rc7 22. Nb5 Rc6 23. Bxb4 axb4 24. b3 Ra8 25. Qd2 Kg8 26. Qxb4 Kg7 27. Qd2 Kg8 28. Re3 Kg7 29. Rce1 Kg8 30. Rc3 Kg7 31. Rxc6 Qxc6 32. Qc3 Qxc3 33. Nxc3 Rc8 34. Re3 b6 35. Kf1 Kf7 36. Ke2 Ke6 37. Kd3 Kd7 38. Nb5 Rc5 39. Kd2 Kc6 40. f3 Kb7 41. Rc3 Nd7 42. b4 Rc6 43. Rxc6 Kxc6 44. Kd3 Kb7 45. Kc4 Kc6 46. Nc3 Nf6 47. b5+ Kb7 48. Nd5 Nxd5 49. Kxd5 Kc7 50. Kc4 Kb7 51. Kb4 Kc7 52. a5 h5 53. axb6+ Kxb6 54. h4 Kb7 55. Ka5 Ka7 56. b6+ Kb7 57. Kb5 e6 58. c4 Kb8 59. Kc6 Kc8 60. Kxd6 Kb7 61. c5 Kb8 62. c6 Kc8 63. b7+ Kb8 64. c7+ Kxb7 65. Kd7 Kb6 66. c8=Q Kb5 67. Qc6+ Kb4 68. Kxe6 Kb3 69. Qc5 g5 70. hxg5 h4 71. Kxe5 h3 72. gxh3 Kb2 73. Qc4 Kb1 74. Qe2 Kc1 75. Kd4 Kb1 76. Kc3 Ka1 77. Qb2# 1-0

[Event "Superfest U1400"]
[Site "Sainte-Adele CAN"]
[Date "2012.08.17"]
[Round "3"]
[White "Senecal, Jean-Pierre"]
[Black "Chan, David"]
[Result "0-1"]
[WhiteElo "1309"]
[BlackElo "1201"]
[PlyCount "100"]
[GameId "2160767909445584"]
[EventDate "2012.08.15"]
[EventType "swiss"]
[EventRounds "5"]
[EventCountry "CAN"]

1. e4 c6 2. Nf3 d5 3. e5 Bg4 4. d4 e6 5. Nbd2 c5 6. Bb5+ Nc6 7. c3 Qb6 8. Bxc6+ Qxc6 9. O-O Ne7 10. dxc5 Qxc5 11. Nb3 Qc7 12. Re1 Ng6 13. h3 Bxf3 14. Qxf3 Nxe5 15. Qg3 f6 16. Nd4 Qd7 17. f4 Ng6 18. Nxe6 Kf7 19. f5 Ne5 20. Bf4 Nc4 21. Re2 Rg8 22. Rae1 g5 23. Bc1 Bd6 24. Qg4 Rge8 25. Qh5+ Kg8 26. h4 gxh4 27. Bh6 Re7 28. Qg4+ Kh8 29. Bg7+ Rxg7 30. Nxg7 Qxg7 31. Re8+ Rxe8 32. Rxe8+ Bf8 33. Qxh4 Nxb2 34. Re6 Be7 35. Qh5 Qf8 36. Qe2 Bc5+ 37. Kf1 Qh6 38. Re8+ Kg7 39. Qg4+ Qg5 40. Qf3 Nc4 41. Ke2 Qd2+ 42. Kf1 Ne3+ 43. Rxe3 Qxe3 44. Qxe3 Bxe3 45. Ke2 Bc5 46. Kd3 Kh6 47. c4 dxc4+ 48. Kxc4 Bb6 49. a4 Kg5 50. g4 Kxg4 0-1

[Event "Superfest U1400"]
[Site "Sainte-Adele CAN"]
[Date "2012.08.17"]
[Round "3"]
[White "Serban, Diana"]
[Black "Chan, Alexander"]
[Result "0-1"]
[WhiteElo "1121"]
[BlackElo "1162"]
[PlyCount "98"]
[GameId "2160767909445585"]
[EventDate "2012.08.15"]
[EventType "swiss"]
[EventRounds "5"]
[EventCountry "CAN"]

1. d4 Nf6 2. c4 d5 3. Nf3 g6 4. Nc3 c6 5. Bg5 Bg7 6. e3 Bf5 7. Be2 Nbd7 8. O-O O-O 9. b4 Re8 10. b5 e5 11. bxc6 bxc6 12. dxe5 Nxe5 13. Nxe5 Rxe5 14. cxd5 cxd5 15. Bf3 Qd7 16. Bxf6 Bxf6 17. Bxd5 Rxd5 18. Nxd5 Bxa1 19. Nf6+ Bxf6 20. Qxd7 Bxd7 21. Rd1 Be6 22. a3 a5 23. h3 a4 24. e4 Bb2 25. Rd3 Bb3 26. Re3 Bxa3 27. f4 Be7 28. f5 Bc4 29. Rc3 Bb5 30. fxg6 hxg6 31. e5 a3 32. Rc1 a2 33. Kf2 a1=Q 34. Rxa1 Rxa1 35. Kg3 Rf1 36. Kg4 Bd7+ 37. Kg3 Bg5 38. e6 Bxe6 39. Kh2 Bf4+ 40. g3 Rf2+ 41. Kg1 Be3 42. g4 Bd5 43. h4 Bg2 44. h5 Re2+ 45. Kh2 Bf4+ 46. Kg1 Be3+ 47. Kh2 Bf3+ 48. Kh3 Bf4 49. hxg6 Rh2# 0-1

[Event "Superfest U1400"]
[Site "Sainte-Adele CAN"]
[Date "2012.08.18"]
[Round "4"]
[White "Gao, Catherine"]
[Black "St-Cyr, Xavier"]
[Result "0-1"]
[WhiteElo "991"]
[BlackElo "1231"]
[PlyCount "158"]
[GameId "2160767909445588"]
[EventDate "2012.08.15"]
[EventType "swiss"]
[EventRounds "5"]
[EventCountry "CAN"]

1. d4 d5 2. c4 e6 3. Nc3 Nf6 4. e3 c5 5. Nf3 b6 6. Be2 Ba6 7. cxd5 Bxe2 8. Qxe2 Nxd5 9. O-O Be7 10. Nxd5 Qxd5 11. b3 O-O 12. Bb2 Bf6 13. Rad1 cxd4 14. Nxd4 Qg5 15. Nf3 Qg6 16. Bxf6 Qxf6 17. Qb5 Qe7 18. Rd2 Qc7 19. Qd3 Nc6 20. Rc1 Qb7 21. Qd7 Qxd7 22. Rxd7 Rfd8 23. Rc7 Rac8 24. Rxc8 Rxc8 25. Kf1 Ne7 26. Rxc8+ Nxc8 27. Ke2 f6 28. Kd3 Kf7 29. Kd4 Ke7 30. Nd2 Kd6 31. Nc4+ Kc6 32. f4 b5 33. Nd2 Nd6 34. Ne4 Nf5+ 35. Kd3 Kd5 36. g4 Nh4 37. Nc3+ Kc5 38. Ne4+ Kc6 39. a4 a6 40. a5 Nf3 41. h3 Ng1 42. h4 Nf3 43. h5 e5 44. f5 Kd5 45. Nc3+ Kc5 46. Na2 Nh2 47. g5 fxg5 48. h6 Ng4 49. hxg7 Nf6 50. Ke2 e4 51. Kf2 b4 52. Kg3 Kb5 53. Nc1 Kxa5 54. Ne2 h6 55. Ng1 Nh5+ 56. Kf2 Nxg7 57. f6 Ne6 58. Kg3 h5 59. f7 Kb5 60. Nh3 a5 61. Nxg5 Nf8 62. Nh7 Nxh7 63. Kf4 h4 64. Kf5 Kc6 65. Kg6 Nf8+ 66. Kg7 Nd7 67. f8=Q Nxf8 68. Kxf8 h3 69. Kf7 h2 70. Kf6 h1=Q 71. Kf5 Qf3+ 72. Ke5 Qxe3 73. Kf5 Qxb3 74. Kxe4 a4 75. Ke5 a3 76. Ke4 a2 77. Ke5 a1=Q+ 78. Ke4 Qe1+ 79. Kd4 Qee3# 0-1

[Event "Superfest U1400"]
[Site "Sainte-Adele CAN"]
[Date "2012.08.18"]
[Round "4"]
[White "Gao, Christine"]
[Black "Rodrigue-Lemieux, Shawn"]
[Result "1-0"]
[WhiteElo "1202"]
[BlackElo "906"]
[PlyCount "65"]
[GameId "2160767909445589"]
[EventDate "2012.08.15"]
[EventType "swiss"]
[EventRounds "5"]
[EventCountry "CAN"]

1. e4 e5 2. Nf3 Nc6 3. d4 exd4 4. Nxd4 Qh4 5. Qd3 Bc5 6. Be3 Bxd4 7. Bxd4 Nxd4 8. Qxd4 Nf6 9. Nc3 O-O 10. O-O-O a5 11. g3 Qg5+ 12. f4 Qg6 13. e5 Ne8 14. Nd5 Kh8 15. Bg2 Qe6 16. a3 c6 17. Nb6 Rb8 18. Nxd7 Bxd7 19. Qxd7 Qa2 20. c3 c5 21. Qb5 Nc7 22. Qxc5 Ne6 23. Qxa5 b5 24. Bd5 Ra8 25. Bxa8 Qc4 26. Bd5 Qc5 27. Bxe6 fxe6 28. Rd2 Qc4 29. Rhd1 g6 30. Rd8 Rxd8 31. Qxd8+ Kg7 32. Qf6+ Kg8 33. Rd8# 1-0

[Event "Superfest U1400"]
[Site "Sainte-Adele CAN"]
[Date "2012.08.18"]
[Round "4"]
[White "Plouffe, Michel"]
[Black "Satir, Ege Nur"]
[Result "0-1"]
[WhiteElo "1127"]
[BlackElo "1102"]
[PlyCount "65"]
[GameId "2160767909445590"]
[EventDate "2012.08.15"]
[EventType "swiss"]
[EventRounds "5"]
[EventCountry "CAN"]

1. d4 d5 2. Nf3 Nf6 3. Bf4 g6 4. e3 Bg7 5. Nbd2 O-O 6. c4 e6 7. Bd3 Nbd7 8. Qc2 Nh5 9. Be5 Nxe5 10. dxe5 Bh8 11. g4 Ng7 12. h4 f5 13. g5 Nh5 14. Be2 f4 15. e4 c6 16. Nh2 Bxe5 17. Ng4 Qe7 18. Nh6+ Kg7 19. Bxh5 gxh5 20. Nf3 Qb4+ 21. Kd1 Qxb2 22. Qxb2 Bxb2 23. Rb1 Bc3 24. Rh3 dxe4 25. Nd2 Bxd2 26. Kxd2 b6 27. Re1 e5 28. Rhh1 c5 29. Rxe4 Bb7 30. Rxe5 Bxh1 31. Re7+ Kh8 32. Nf7+ Rxf7 33. f3 0-1

[Event "Superfest U1400"]
[Site "Sainte-Adele CAN"]
[Date "2012.08.18"]
[Round "4"]
[White "Tsypin, Allison"]
[Black "Chan, Alexander"]
[Result "0-1"]
[WhiteElo "903"]
[BlackElo "1162"]
[PlyCount "140"]
[GameId "2160767909445591"]
[EventDate "2012.08.15"]
[EventType "swiss"]
[EventRounds "5"]
[EventCountry "CAN"]

1. d4 Nf6 2. c4 d5 3. Nc3 c6 4. Bg5 Nbd7 5. Nf3 g6 6. e3 Bg7 7. Bd3 O-O 8. O-O Re8 9. Qc2 h6 10. Bh4 e5 11. dxe5 Nxe5 12. Nxe5 Rxe5 13. cxd5 cxd5 14. Rfd1 Rh5 15. Bg3 Be6 16. Be2 Rf5 17. Bf3 Nh5 18. Bxh5 Rxh5 19. Rd2 Qd7 20. Rad1 Rd8 21. Ne2 Bf5 22. Qb3 Be6 23. Qc2 Be5 24. Bxe5 Rxe5 25. Nd4 Bg4 26. Rc1 Rg5 27. Kf1 Qd6 28. g3 Qa6+ 29. Kg1 Qxa2 30. b3 Qa6 31. Qc7 Rc8 32. Qxc8+ Bxc8 33. Rxc8+ Kg7 34. Rc1 Qf6 35. Kg2 Re5 36. Re1 Re7 37. Kg1 a6 38. Rb1 b5 39. b4 Qb6 40. Kg2 a5 41. bxa5 Qxa5 42. Nb3 Qb6 43. Rxd5 Qc6 44. Rbd1 Rd7 45. e4 Re7 46. R5d2 Qxe4+ 47. Kg1 b4 48. Rd4 Qf3 49. Nc1 Rb7 50. R4d3 Qc6 51. Rd6 Qa4 52. R6d4 Qa3 53. R4d3 b3 54. Kg2 Rb6 55. Kf3 Qa8+ 56. Ke2 b2 57. Nb3 Qa2 58. Nd2 b1=Q 59. Rxb1 Rxb1 60. Ke3 Re1+ 61. Kd4 Qa7+ 62. Kc3 Rc1+ 63. Kb2 Qa1+ 64. Kb3 Qb1+ 65. Ka3 Qxd3+ 66. Kb2 Qc2+ 67. Ka3 Qxd2 68. Kb3 Qc3+ 69. Ka4 Rb1 70. f4 Qb4# 0-1

[Event "Superfest U1400"]
[Site "Sainte-Adele CAN"]
[Date "2012.08.18"]
[Round "4"]
[White "Tsypin, Vadim"]
[Black "Senecal, Jean-Pierre"]
[Result "1-0"]
[WhiteElo "1058"]
[BlackElo "1309"]
[PlyCount "99"]
[GameId "2160767909445592"]
[EventDate "2012.08.15"]
[EventType "swiss"]
[EventRounds "5"]
[EventCountry "CAN"]

1. Nf3 Nc6 2. c4 e5 3. Nc3 Nf6 4. d3 h6 5. g3 Bb4 6. Bd2 d6 7. Bg2 Be6 8. O-O Qd7 9. e3 Bh3 10. Qb3 Bxg2 11. Kxg2 O-O 12. a3 Bc5 13. Qd1 a6 14. b4 Bb6 15. Rb1 Ne7 16. Qa4 c6 17. c5 Bc7 18. Qc2 d5 19. Bc1 Nh7 20. Bb2 f5 21. Rbd1 Ng5 22. Nxg5 hxg5 23. Ne2 f4 24. Ng1 Ng6 25. d4 e4 26. exf4 gxf4 27. f3 e3 28. Qxg6 Rf6 29. Qg4 Qe7 30. Ne2 fxg3 31. hxg3 Re8 32. f4 Qe4+ 33. Qf3 Qg6 34. Rh1 Rf5 35. Bc1 Qe6 36. Rd3 Bxf4 37. gxf4 Qg6+ 38. Qg3 Rg5 39. Qxg5 Qxd3 40. Qh5 Qe4+ 41. Qf3 Qg6+ 42. Qg3 Qe4+ 43. Qf3 Qg6+ 44. Kf1 Qd3 45. Rh3 Re6 46. Bxe3 Qxe3 47. f5 Re4 48. Qg3 Re8 49. f6 Rf8 50. Qxg7# 1-0

[Event "Superfest U1400"]
[Site "Sainte-Adele CAN"]
[Date "2012.08.19"]
[Round "5"]
[White "Chan, Alexander"]
[Black "Gao, Catherine"]
[Result "1-0"]
[WhiteElo "1162"]
[BlackElo "991"]
[PlyCount "83"]
[GameId "2160767909445593"]
[EventDate "2012.08.15"]
[EventType "swiss"]
[EventRounds "5"]
[EventCountry "CAN"]

1. e4 e5 2. Nc3 Nc6 3. f4 d6 4. Nf3 Nf6 5. Bb5 Bg4 6. O-O Be7 7. d3 O-O 8. Qe1 Bxf3 9. Rxf3 Nd4 10. Rf1 Nxc2 11. Qf2 Nxa1 12. Be3 a6 13. Ba4 b5 14. Bd1 b4 15. Na4 Ng4 16. Bxg4 b3 17. Rxa1 bxa2 18. Rxa2 Rc8 19. Bxc8 Qxc8 20. Nc3 f5 21. Qg3 fxe4 22. Nxe4 d5 23. Bc5 Bxc5+ 24. Nxc5 exf4 25. Qf3 c6 26. d4 Qb8 27. b3 Qb4 28. Qf2 Re8 29. Kf1 f3 30. Rxa6 fxg2+ 31. Kxg2 Rf8 32. Qe3 Qb8 33. Qe6+ Kh8 34. Nd7 Qb7 35. Rxc6 Ra8 36. Rc2 Qxb3 37. Re2 h6 38. Nc5 Qc4 39. Qe5 Kh7 40. Kh3 Qc3+ 41. Qg3 Qa5 42. Rg2 1-0

[Event "Superfest U1400"]
[Site "Sainte-Adele CAN"]
[Date "2012.08.19"]
[Round "5"]
[White "Gauthier, Martin"]
[Black "Gao, Christine"]
[Result "1/2-1/2"]
[WhiteElo "1339"]
[BlackElo "1202"]
[PlyCount "65"]
[GameId "2160767909445594"]
[EventDate "2012.08.15"]
[EventType "swiss"]
[EventRounds "5"]
[EventCountry "CAN"]

1. d4 Nf6 2. c4 e6 3. Nc3 Bb4 4. Nf3 O-O 5. Qc2 d5 6. e3 b6 7. Bd3 Bb7 8. Qe2 Nbd7 9. O-O c5 10. Bd2 Rc8 11. cxd5 exd5 12. Nb1 Bxd2 13. Nbxd2 Re8 14. b3 Ne4 15. Ba6 Bxa6 16. Qxa6 Rc7 17. Qd3 cxd4 18. Qxd4 Ndf6 19. Rac1 Qc8 20. Qb2 Nc5 21. Rc3 Na4 22. Rxc7 Nxb2 23. Rxc8 Rxc8 24. Nd4 Rc5 25. g3 Nd3 26. Kg2 g6 27. f4 Ne4 28. Nxe4 dxe4 29. Kh3 Rh5+ 30. Kg2 Rc5 31. Kh3 Rh5+ 32. Kg2 Rc5 33. Kh3 1/2-1/2

[Event "Superfest U1400"]
[Site "Sainte-Adele CAN"]
[Date "2012.08.19"]
[Round "5"]
[White "Plouffe, Michel"]
[Black "Tsypin, Allison"]
[Result "1-0"]
[WhiteElo "1127"]
[BlackElo "903"]
[PlyCount "75"]
[GameId "2160767909445595"]
[EventDate "2012.08.15"]
[EventType "swiss"]
[EventRounds "5"]
[EventCountry "CAN"]

1. d4 g6 2. Nf3 Nf6 3. Bf4 Bg7 4. e3 O-O 5. c3 d6 6. Bd3 Bg4 7. h3 Bd7 8. Nbd2 e6 9. Qc2 Nc6 10. g4 Rc8 11. Nc4 a6 12. b4 b5 13. Na5 Nxa5 14. bxa5 Bc6 15. e4 Bb7 16. Kd2 Nd7 17. h4 f6 18. h5 g5 19. Be3 h6 20. Raf1 Rf7 21. Ne1 Kf8 22. f4 Ke7 23. Rh2 Qf8 24. d5 exd5 25. exd5 Kd8 26. Bf5 Bh8 27. Be6 Re7 28. Qf5 Bg7 29. Re2 Ra8 30. Nc2 Bh8 31. Rfe1 Bg7 32. Bxd7 Rxd7 33. Nd4 Qg8 34. Ne6+ Kc8 35. Nxg7 Qxg7 36. Bd4 Qf7 37. Re8+ Qxe8 38. Rxe8# 1-0

[Event "Superfest U1400"]
[Site "Sainte-Adele CAN"]
[Date "2012.08.19"]
[Round "5"]
[White "Rodrigue-Lemieux, Shawn"]
[Black "Mikhaylov, Dimitry"]
[Result "1-0"]
[WhiteElo "906"]
[BlackElo "921"]
[PlyCount "51"]
[GameId "2160767909445596"]
[EventDate "2012.08.15"]
[EventType "swiss"]
[EventRounds "5"]
[EventCountry "CAN"]

1. e4 e5 2. f4 d6 3. Nf3 Bg4 4. Bc4 Nf6 5. Nc3 Nc6 6. O-O Bxf3 7. Qxf3 Nd4 8. Qd1 Qd7 9. d3 Ng4 10. Ne2 Nxe2+ 11. Qxe2 c5 12. h3 Nf6 13. fxe5 dxe5 14. Bg5 Qc6 15. Bxf6 gxf6 16. Qh5 a6 17. Qxf7+ Kd8 18. Rxf6 Qe8 19. Qxb7 Rc8 20. Bxa6 Rc7 21. Qb8+ Rc8 22. Qxc8+ Ke7 23. Re6+ Kf7 24. Qxe8+ Kg7 25. Rf1 c4 26. Qf7# 1-0

[Event "Superfest U1400"]
[Site "Sainte-Adele CAN"]
[Date "2012.08.19"]
[Round "5"]
[White "Satir, Ege Nur"]
[Black "Bertin, Francois"]
[Result "1-0"]
[WhiteElo "1102"]
[BlackElo "1173"]
[PlyCount "75"]
[GameId "2160767909445597"]
[EventDate "2012.08.15"]
[EventType "swiss"]
[EventRounds "5"]
[EventCountry "CAN"]

1. d4 d5 2. c4 e6 3. Nc3 Be7 4. Bf4 c6 5. e3 Nf6 6. Nf3 Nbd7 7. a3 Nh5 8. Be5 O-O 9. Bd3 dxc4 10. Bxc4 Nb6 11. Bd3 Nd5 12. Nxd5 exd5 13. O-O Bg4 14. h3 Bxf3 15. Qxf3 Nf6 16. Qf5 g6 17. Qf3 Ne8 18. Bf4 Bg5 19. Qg3 Bxf4 20. Qxf4 Ng7 21. Rfe1 f5 22. b4 Rf6 23. Rab1 Re6 24. Qf3 Qd7 25. b5 Rc8 26. bxc6 bxc6 27. Rb3 Ne8 28. Reb1 Nd6 29. Ba6 Rc7 30. Rb8+ Kg7 31. Qf4 Qe7 32. Ra8 Qf6 33. Rbb8 Qf7 34. Qh4 Re8 35. Rxe8 Nxe8 36. Qd8 Re7 37. Qc8 Nc7 38. Rxa7 1-0

[Event "Superfest U1400"]
[Site "Sainte-Adele CAN"]
[Date "2012.08.19"]
[Round "5"]
[White "Serban, Diana"]
[Black "Couture, Francois"]
[Result "1-0"]
[WhiteElo "1121"]
[BlackElo "838"]
[PlyCount "49"]
[GameId "2160767909445598"]
[EventDate "2012.08.15"]
[EventType "swiss"]
[EventRounds "5"]
[EventCountry "CAN"]

1. d4 Nf6 2. c4 e6 3. Nf3 d5 4. Bg5 Nbd7 5. cxd5 exd5 6. Nc3 h6 7. Bh4 Be7 8. e3 a6 9. Be2 b6 10. O-O Bb7 11. Qc2 c5 12. dxc5 Nxc5 13. Rfd1 Qc7 14. Bxf6 Bxf6 15. Nxd5 Qc6 16. Nxf6+ Qxf6 17. b4 Ne6 18. Qa4+ b5 19. Bxb5+ axb5 20. Qxb5+ Ke7 21. Qxb7+ Ke8 22. Qxa8+ Nd8 23. Rac1 Qb6 24. Rc6 Qxc6 25. Qxd8# 1-0

[Event "Superfest U1400"]
[Site "Sainte-Adele CAN"]
[Date "2012.08.19"]
[Round "5"]
[White "St-Cyr, Xavier"]
[Black "Tsypin, Vadim"]
[Result "1-0"]
[WhiteElo "1231"]
[BlackElo "1058"]
[PlyCount "65"]
[GameId "2160767909445599"]
[EventDate "2012.08.15"]
[EventType "swiss"]
[EventRounds "5"]
[EventCountry "CAN"]

1. e4 c5 2. Nf3 d6 3. d4 cxd4 4. Nxd4 g6 5. Nc3 Bg7 6. Be3 Nf6 7. Bc4 O-O 8. f3 a6 9. Qd2 b5 10. Bb3 Bb7 11. O-O-O Nc6 12. g4 Nd7 13. h4 Nde5 14. Qe2 Nxd4 15. Bxd4 Nc6 16. Bxg7 Kxg7 17. g5 b4 18. Na4 a5 19. h5 Ne5 20. f4 Ba6 21. Qe3 Nc4 22. h6+ Kg8 23. Qd4 e5 24. fxe5 Qxg5+ 25. Kb1 dxe5 26. Qf2 Rad8 27. Rxd8 Qxd8 28. Bxc4 Bxc4 29. Nc5 Qd4 30. Qf6 Bxa2+ 31. Kxa2 b3+ 32. Nxb3 Qa4+ 33. Kb1 1-0

[Event "Superfest U1700"]
[Site "Sainte-Adele CAN"]
[Date "2012.08.15"]
[Round "1"]
[White "Bergeron, Jean-Guy"]
[Black "Labrecque, Rejean"]
[Result "0-1"]
[WhiteElo "1446"]
[BlackElo "1688"]
[PlyCount "72"]
[GameId "2160767909445601"]
[EventDate "2012.08.15"]
[EventType "swiss"]
[EventRounds "5"]
[EventCountry "CAN"]
[SourceTitle "hb 2012"]

1. c4 c5 2. Nf3 Nf6 3. d4 cxd4 4. Nxd4 e6 5. Nb5 d5 6. cxd5 exd5 7. a3 a6 8. Nd4 Be7 9. e3 O-O 10. b4 Nc6 11. Bb2 Nxd4 12. Bxd4 Bf5 13. Nc3 Rc8 14. Be2 Ne4 15. Rc1 Nxc3 16. Rxc3 Rxc3 17. Bxc3 Qc7 18. Qa1 Rc8 19. Kd2 Bf6 20. Rc1 Bxc3+ 21. Qxc3 Qd8 22. Qb2 Rxc1 23. Kxc1 Qc7+ 24. Kd2 Qxh2 25. Bf3 Qh4 26. g3 Qc4 27. Qe5 Qd3+ 28. Ke1 g6 29. Qxd5 Qxa3 30. Qxb7 Qc1+ 31. Ke2 Qc2+ 32. Ke1 Qb1+ 33. Ke2 Bd3+ 34. Kd2 Qc2+ 35. Ke1 Qc1+ 36. Bd1 Qc3# 0-1

[Event "Superfest U1700"]
[Site "Sainte-Adele CAN"]
[Date "2012.08.15"]
[Round "1"]
[White "Bolduc, Jacques"]
[Black "Gignac, Guy"]
[Result "0-1"]
[WhiteElo "1413"]
[BlackElo "1561"]
[PlyCount "51"]
[GameId "2160767909445602"]
[EventDate "2012.08.15"]
[EventType "swiss"]
[EventRounds "5"]
[EventCountry "CAN"]
[SourceTitle "hb 2012"]

1. d4 d5 2. c4 c6 3. Nc3 Nf6 4. Bf4 a6 5. e3 e6 6. Bd3 dxc4 7. Bxc4 Bd6 8. Nge2 Qc7 9. Rc1 Bxf4 10. Nxf4 O-O 11. O-O e5 12. Nh5 Nbd7 13. d5 Nxh5 14. Qxh5 Nf6 15. Qh4 Bf5 16. Rfd1 Rfd8 17. Bd3 Bxd3 18. Rxd3 cxd5 19. Ne2 Qd7 20. Qg3 Qe7 21. Nc3 Rac8 22. Rcd1 d4 23. Ne2 Ne4 24. Qf3 Nc5 25. R3d2 e4 26. Qg4 0-1

[Event "Superfest U1700"]
[Site "Sainte-Adele CAN"]
[Date "2012.08.15"]
[Round "1"]
[White "Bolduc, Olivier"]
[Black "Ouellet, Maili-Jade"]
[Result "0-1"]
[WhiteElo "1319"]
[BlackElo "1269"]
[PlyCount "98"]
[GameId "2160767909445603"]
[EventDate "2012.08.15"]
[EventType "swiss"]
[EventRounds "5"]
[EventCountry "CAN"]
[SourceTitle "hb 2012"]

1. d4 d5 2. c4 e6 3. Nc3 Nf6 4. e3 Bb4 5. a3 Ba5 6. b4 Bb6 7. c5 c6 8. cxb6 axb6 9. Bd3 Nbd7 10. Nf3 O-O 11. O-O c5 12. Bb2 h6 13. e4 c4 14. Bc2 dxe4 15. Nxe4 Nxe4 16. Bxe4 Nf6 17. Qe2 b5 18. Ne5 Re8 19. Bc2 Nd5 20. Qe4 f5 21. Qf3 b6 22. Qh5 Qe7 23. Bc1 Nxb4 24. Bxh6 Nxc2 25. Bg5 Qf8 26. Ng6 Qd6 27. Qh8+ Kf7 28. Ne5+ Qxe5 29. Qh5+ g6 30. Qf3 Qd5 31. Qf4 Nxa1 32. Qh4 Rg8 33. Rxa1 Bb7 34. f3 Rh8 35. Qf4 Rac8 36. Re1 c3 37. Re5 Qa2 38. Re1 Rh7 39. Qe5 Bd5 40. Qf6+ Kg8 41. Qxg6+ Rg7 42. Qf6 Rf8 43. Qh6 Rff7 44. Qh4 c2 45. Rc1 Rh7 46. Qf4 Rc7 47. Qg3 Rhg7 48. h4 Qxa3 49. h5 Qxc1+ 0-1

[Event "Superfest U1700"]
[Site "Sainte-Adele CAN"]
[Date "2012.08.15"]
[Round "1"]
[White "Bonneville-Roussy, Didier"]
[Black "Wang, Kelly"]
[Result "0-1"]
[WhiteElo "1336"]
[BlackElo "1541"]
[PlyCount "74"]
[GameId "2160767909445604"]
[EventDate "2012.08.15"]
[EventType "swiss"]
[EventRounds "5"]
[EventCountry "CAN"]
[SourceTitle "hb 2012"]

1. d4 d5 2. c4 e6 3. Nc3 Nf6 4. Bg5 Be7 5. Nf3 Nbd7 6. e3 O-O 7. Bd3 dxc4 8. Bxc4 a6 9. a4 c5 10. O-O cxd4 11. Nxd4 Qc7 12. Qe2 Bd6 13. f4 Re8 14. Rac1 Qb8 15. Nf3 e5 16. f5 e4 17. Nd2 Bxh2+ 18. Kh1 Bd6 19. Nd5 Be5 20. Rc2 Nxd5 21. Bxd5 Bf6 22. Qh5 Rf8 23. Nxe4 Bxg5 24. Nxg5 Nf6 25. Bxf7+ Kh8 26. Qh4 Qd6 27. Bg6 h6 28. Nf7+ Rxf7 29. Bxf7 Qe7 30. Bg6 Bd7 31. Qd4 Bc6 32. Rd2 Ne4 33. Rdd1 Ng3+ 34. Kg1 Ne2+ 35. Kh1 Nxd4 36. Rxd4 Qxe3 37. Rfd1 Qh3+ 0-1

[Event "Superfest U1700"]
[Site "Sainte-Adele CAN"]
[Date "2012.08.15"]
[Round "1"]
[White "Breton, Jules"]
[Black "Saine, Zachary"]
[Result "0-1"]
[WhiteElo "1409"]
[BlackElo "1546"]
[PlyCount "85"]
[GameId "2160767909445605"]
[EventDate "2012.08.15"]
[EventType "swiss"]
[EventRounds "5"]
[EventCountry "CAN"]
[SourceTitle "hb 2012"]

1. d4 d5 2. Nc3 e6 3. a3 Be7 4. Nf3 Nf6 5. e3 Nbd7 6. Bd3 O-O 7. O-O c5 8. Be2 b6 9. b3 Bb7 10. Bb2 Rc8 11. Na2 Re8 12. c4 a5 13. a4 Bd6 14. h3 e5 15. dxe5 Nxe5 16. Nxe5 Bxe5 17. Bxe5 Rxe5 18. Qc2 Qc7 19. Nc3 d4 20. Nb5 Qc6 21. e4 Qe6 22. f3 Nh5 23. Rfd1 Rg5 24. g4 Nf4 25. Bf1 h5 26. Qh2 Qe5 27. h4 Rg6 28. g5 Rd8 29. Rd2 f6 30. Kh1 fxg5 31. hxg5 Rxg5 32. Bh3 Bc8 33. Bxc8 Rxc8 34. Rg1 Rc6 35. Rdd1 Rcg6 36. Na3 Rg2 37. Qh4 R6g3 38. Qd8+ Kh7 39. Rxg2 Rh3+ 40. Rh2 Rxh2+ 41. Kxh2 Ne6+ 42. Kg2 Nxd8 43. Rd3 0-1

[Event "Superfest U1700"]
[Site "Sainte-Adele CAN"]
[Date "2012.08.15"]
[Round "1"]
[White "Chan, Alexander"]
[Black "Gauthier, Martin"]
[Result "0-1"]
[WhiteElo "1339"]
[BlackElo "1201"]
[PlyCount "52"]
[GameId "2160767909445606"]
[EventDate "2012.08.15"]
[EventType "swiss"]
[EventRounds "5"]
[EventCountry "CAN"]
[SourceTitle "hb 2012"]

1. e4 e5 2. Nc3 Nc6 3. f4 exf4 4. Nf3 d6 5. d4 g5 6. h4 f6 7. hxg5 fxg5 8. Bc4 Qe7 9. Qd3 Nb4 10. Qe2 Bg4 11. a3 Bxf3 12. gxf3 Nc6 13. Qd3 Nf6 14. Bd2 O-O-O 15. O-O-O Bg7 16. Be1 h5 17. Bf2 g4 18. Nd5 Nxd5 19. Bxd5 g3 20. Be1 Nxd4 21. Bc3 Nc6 22. Bxg7 Qxg7 23. Be6+ Kb8 24. Bf5 Ka8 25. Rh4 Rdg8 26. Rdh1 Qe7 0-1

[Event "Superfest U1700"]
[Site "Sainte-Adele CAN"]
[Date "2012.08.15"]
[Round "1"]
[White "Laurin, Marcel"]
[Black "Wang, Constance"]
[Result "1-0"]
[WhiteElo "1568"]
[BlackElo "1442"]
[PlyCount "123"]
[GameId "2160767909445607"]
[EventDate "2012.08.15"]
[EventType "swiss"]
[EventRounds "5"]
[EventCountry "CAN"]
[SourceTitle "hb 2012"]

1. d4 d5 2. c4 e6 3. a3 Nf6 4. Nc3 Be7 5. Bf4 O-O 6. Rc1 b6 7. cxd5 exd5 8. Nb5 Bd6 9. Bxd6 cxd6 10. Nc7 Bb7 11. e3 Nc6 12. Nxa8 Qxa8 13. Bd3 Re8 14. Nf3 a6 15. O-O Qc8 16. h3 Qd7 17. Qc2 b5 18. b4 Ne4 19. Nd2 Nf6 20. Rfe1 Qe7 21. Nb3 Rc8 22. Qe2 Qe6 23. Na5 Nxa5 24. Rxc8+ Qxc8 25. bxa5 Qc3 26. Qd1 Qxa5 27. Qc1 g6 28. Re2 Qb6 29. Rc2 Ne8 30. h4 Kg7 31. Qd1 Qa5 32. Qc1 Qb6 33. f4 Qd8 34. g3 Qd7 35. Qe1 Qd8 36. f5 Nf6 37. fxg6 hxg6 38. Qc1 Ne8 39. Rh2 Nf6 40. Be2 Qd7 41. h5 gxh5 42. Bxh5 Nxh5 43. Rxh5 Qg4 44. Rh2 Bc8 45. Qe1 Bf5 46. Rh4 Qg6 47. Qf2 Be6 48. Rf4 Qb1+ 49. Kg2 Qh7 50. g4 Qg6 51. Qh4 f6 52. Kg3 Qg5 53. Qxg5+ fxg5 54. Rf2 Bd7 55. Rc2 Kf6 56. Rc7 Ke6 57. Ra7 Bc8 58. Kf3 Bd7 59. Rxa6 Ke7 60. Ra7 Kd8 61. Ra8+ Bc8 62. Rb8 1-0

[Event "Superfest U1700"]
[Site "Sainte-Adele CAN"]
[Date "2012.08.15"]
[Round "1"]
[White "Ming, Wenyang"]
[Black "Selmani, Sam"]
[Result "1-0"]
[WhiteElo "1678"]
[BlackElo "1461"]
[PlyCount "51"]
[GameId "2160767909445608"]
[EventDate "2012.08.15"]
[EventType "swiss"]
[EventRounds "5"]
[EventCountry "CAN"]
[SourceTitle "hb 2012"]

1. e4 c5 2. Nf3 d6 3. d4 cxd4 4. Nxd4 Nf6 5. Nc3 a6 6. Bg5 e6 7. Bd3 Be7 8. Qf3 h6 9. Be3 Nfd7 10. O-O Bf6 11. Nde2 Nc6 12. Rad1 Qc7 13. Qg3 Nde5 14. f4 Ng6 15. e5 Ngxe5 16. fxe5 Nxe5 17. Ne4 Nxd3 18. Nxf6+ gxf6 19. Rxd3 Qxc2 20. Qxd6 Bd7 21. Bc5 Qxc5+ 22. Qxc5 Rc8 23. Qd6 Bc6 24. Nf4 e5 25. Ne6 Rg8 26. Nc7+ 1-0